00218 a2200109 4500001000700000040001100007100001700018240003100035245002600066300000700092362000900099194889 cMagnum aRUIZ, Tulipa10aA menina das estrelaslpor10aA menina das estrelas a220 a2017